000 00888nam a2200277 a 4500
001 BRCA_8637
005 20190320210343.0
008 220916s1830----enka######---#000-0#fre-#
041 _afre
044 _aenka
050 4 _aGT625
_b.L56
_c1830
100 1 _aLinati
_921563
245 1 0 _aCostume et moeurs de mexique
_cPar Linati.
260 _aLondres
_bEngelmann Graf Coindet & cie
_c1830
300 _a83 p.
_bil.
_c32 cm
500 _aFondo antiguo
500 _aSe encuentra en Caja Fuerte
500 _aR-43b/W-16
500 _aColección de 33 grabados a color
500 _aNota de encuadernación: en tela sobre cartón
506 0 _aFondo reservado: para su consulta es necesario credencial de usuario y carta de motivos
650 1 4 _aIndumentaria
_ySiglo XIX
_zMéxico
_921564
650 1 4 _aVida social y costumbres
_zMéxico
_921565
902 _aLAR
942 _2lcc
_cB
999 _c8297
_d8297